Abordando el tren de la vida : (Record no. 174798)
[ view plain ]
| 000 -CABECERA | |
|---|---|
| campo de control de longitud fija | 00768nam a2200229 u 4500 |
| 005 - FECHA Y HORA DE LA ÚLTIMA TRANSACCIÓN | |
| campo de control | 20230418063523.0 |
| 008 - ELEMENTOS DE LONGITUD FIJA--INFORMACIÓN GENERAL | |
| campo de control de longitud fija | 150320s2007 mx r 000 0 spa d |
| 020 ## - NÚMERO INTERNACIONAL NORMALIZADO PARA LIBROS | |
| Número Internacional Estándar del Libro | 9789702917694 |
| 035 ## - NÚMERO DE CONTROL DEL SISTEMA | |
| Número de control de sistema | UPN01000202697 |
| 049 ## - COLECCIÓN | |
| Colección | CG |
| 050 #4 - SIGNATURA TOPOGRÁFICA DE LA BIBLIOTECA DEL CONGRESO | |
| Número de clasificación | HQ796 |
| Número de documento/Ítem | A2.6 |
| 245 00 - MENCIÓN DE TÍTULO | |
| Título | Abordando el tren de la vida : |
| Resto del título | primera estación / |
| Mención de responsabilidad, etc. | Greta Papadimitriou Cámara ... [et al.] ; il. Alejandro Magallanes. |
| 260 ## - PUBLICACIÓN, DISTRIBUCIÓN, ETC. | |
| Lugar de publicación, distribución, etc. | México : |
| Nombre del editor, distribuidor, etc. | Santillana, |
| Fecha de publicación, distribución, etc. | c2007. |
| 300 ## - DESCRIPCIÓN FÍSICA | |
| Extensión | 120 p. : |
| Otras características físicas | il. col. |
| 440 #0 - MENCIÓN DE SERIE/ASIENTO SECUNDARIO--TÍTULO | |
| Título | Divulgacion. |
| Designación de volumen o secuencia | 1. |
| Nombre de parte o sección de la obra | Santillana |
| 650 #0 - ASIENTO SECUNDARIO DE MATERIA - TERMINO TEMATICO | |
| Término de materia o nombre geográfico como elemento de entrada | Adolescentes |
| Subdivisión general | Conducta de vida |
| 9 (RLIN) | 1767 |
| 650 #4 - ASIENTO SECUNDARIO DE MATERIA - TERMINO TEMATICO | |
| Término de materia o nombre geográfico como elemento de entrada | RELACIONES INTERPERSONALES EN LA ADOLESCENCIA |
| 9 (RLIN) | 10514 |
| 650 #2 - ASIENTO SECUNDARIO DE MATERIA - TERMINO TEMATICO | |
| Término de materia o nombre geográfico como elemento de entrada | Pubertad |
| 9 (RLIN) | 14834 |
| 700 1# - ASIENTO SECUNDARIO--NOMBRE DE PERSONAL | |
| Nombre de persona | Papadimitriou Cámara, Greta, |
| Término indicativo de función/relación | coaut. |
| 905 ## - TIPO DE MATERIAL | |
| Tipo de material | Libro |
| Estado de retiro | Estado de pérdida | Fuente del sistema de clasificación o colocación | Estado dañado | No para préstamo | Código de colección | Localización permanente | Ubicación/localización actual | Ubicación en estantería | Fecha de adquisición | Total de préstamos | Clasificación | Código de barras | Fecha visto por última vez | Fecha del último préstamo | Número de copia | Tipo de ítem Koha |
|---|---|---|---|---|---|---|---|---|---|---|---|---|---|---|---|---|
| Library of Congress Classification | Colección General | Bib. Gregorio Torres Quintero | Bib. Gregorio Torres Quintero | Planta baja | 02/05/2024 | 1 | HQ796 A2.6 | 301837 | 06/05/2024 | 02/05/2024 | 1 | Libro | ||||
| Library of Congress Classification | Colección General | Bib. Gregorio Torres Quintero | Bib. Gregorio Torres Quintero | Planta baja | 23/04/2024 | 1 | HQ796 A2.6 | 320781 | 08/05/2024 | 23/04/2024 | 1 | Libro |
